Novedades Fiscal Foral Gipuzkoa

Detalles Bibliográficos
Formato: Desconocido
Lenguaje:español
Publicado: Barcelona : Garrigues Abogados y Asesores Tributarios
Materias:
Acceso en línea:Acceso restringido

MARC

LEADER 00000ny a22000003n 4500
005 2011051301011.0
008 070716c20uu9999sp zr p 0uuub0spa d
035 |a 505 
040 |a BUAL  |d vLex 
080 |a 336.2(05) 
090 |c 1878  |d 1878 
245 0 0 |a Novedades Fiscal Foral Gipuzkoa  |h [Recurso electrn̤ico] 
246 3 |a Reseąs Fiscales Forales Gipuzkoa 
256 |a Servicio en ln̕ea 
260 |a Barcelona :  |b Garrigues Abogados y Asesores Tributarios 
310 |a Irregular 
506 1 |a Contenido solo disponible en los productos indicados  |d vLex Global  |d vLex Global (Academic Edition, excluding Law Schools)  |d vLex Global (U.S. Academic Edition, Law Schools)  |d vLex Global (U.S. Academic Edition, excluding Law Schools)  |d vLex Global (Academic Edition, Law Schools) 
650 0 7 |a Tributario  |2 Tesauro vLex 
650 0 7 |a Derecho foral  |2 Tesauro vLex 
740 0 |a vLex Revista (Servicios en ln̕ea) 
843 |a Electrn̤ica. Abierta 
853 |8 1  |i (year)  |j (month)  |k (day) 
856 4 0 |u http://vlex.com/source/505  |z Acceso restringido 
942 |c REV